| 000 | 01358cam a22003254a 4500 | ||
|---|---|---|---|
| 001 | 12329864 | ||
| 003 | NUST-PNEC | ||
| 005 | 20170116180710.0 | ||
| 008 | 010228s2001 caua be 001 0 eng | ||
| 010 | _a 2001088199 | ||
| 020 | _a0125816502 | ||
| 040 | _cPNEC | ||
| 042 | _apcc | ||
| 050 | 0 | 0 |
_aTK7881.15 _b.P6733 2001 |
| 082 | 0 | 0 | _a621.31 RAS |
| 100 |
_951 _aRashid, Muhammad H. |
||
| 245 | 0 | 0 |
_aPower electronics handbook / _ceditor-in-chief, Muhammad H. Rashid. |
| 260 |
_aSan Diego : _bAcademic Press, _cc2001. |
||
| 300 |
_axvi, 895 p. : _bill. ; _c29 cm. |
||
| 440 | 0 | _aAcademic Press series in engineering | |
| 500 | _aIncludes Index http://www.amazon.com/Power-Electronics-Handbook-Academic-Engineering/dp/0125816502/ref=sr_1_1?s=books&ie=UTF8&qid=1412236963&sr=1-1&keywords=0125816502 | ||
| 504 | _aIncludes bibliographical references and index. | ||
| 650 | 0 |
_aPower electronics _vEncyclopedias. _xEL, EE |
|
| 700 | 1 |
_aRashid, Muhammad H. _q(Muhammad Harunur), _d1945- |
|
| 856 | 4 | 2 |
_3Publisher description _uhttp://www.loc.gov/catdir/description/els031/2001088199.html |
| 856 | 4 | 1 |
_3Table of contents _uhttp://www.loc.gov/catdir/toc/fy022/2001088199.html |
| 906 |
_a7 _bcbc _corignew _d2 _eepcn _f20 _gy-gencatlg |
||
| 942 |
_2ddc _cBK |
||
| 999 |
_c60900 _d60900 |
||